00624nam a2200229 a 4500001001300000003000900013005001700022008004100039020001000080082001300090100001800103245003300121260003700154300000800191500003500199650001600234700001800250902000800268942000700276952009400283999001700377nice12345678IN_TiNIC20260116014320.0070626s0000 bana grd 000 0 eng  ac25000a361bMAT aMathur, Raina aIn the Name of Medicine (CD) aBangalore bVisual Search c0000 a00p aincludes index and biblioraphy aHealth Care1 aMathur, Raina bSRS cND 00104070aHMIbHMId2011-06-10g250.00l0o361 MATp022072r2011-06-10w2026-01-16yVM c14775d14775